Útoky na systémy rozpoznávania vecí
Na minha lista:
| Autor principal: | |
|---|---|
| Outros Autores: | |
| Formato: | Manuscrito Livro |
| Idioma: | eslovaco |
| Publicado em: |
2025
|
| Assuntos: | |
| Acesso em linha: | http://is.stuba.sk/zp/portal_zp.pl?podrobnosti=184867 |
| Tags: |
Sem tags, seja o primeiro a adicionar uma tag!
|
MARC
| LEADER | 00000ntm a22000003a 4500 | ||
|---|---|---|---|
| 001 | stuzp105330 | ||
| 003 | SK-STU | ||
| 005 | 20250614213740.0 | ||
| 007 | ta | ||
| 008 | 150427s2015----xo-----f-mn---000-0-slo-d | ||
| 040 | |a STU |b slo | ||
| 041 | 0 | |a slo | |
| 100 | 1 | |a Lašan, Tomáš |u 035000 |4 aut |U FEI Fakulta elektrotechniky a informatiky |T FEI Ústav informatiky a matematiky |X 97856 |U E050 |Y 816 |7 97856 | |
| 242 | 0 | 1 | |a Adversarial attacks against Deep Learning |y eng |
| 245 | 1 | 0 | |a Útoky na systémy rozpoznávania vecí |
| 260 | |c 2025 | ||
| 650 | 4 | |a noise |2 eng | |
| 650 | 4 | |a deeplearning |2 eng | |
| 650 | 4 | |a ImageNet |2 eng | |
| 650 | 4 | |a blur |2 eng | |
| 650 | 4 | |a Claude 3.7 Sonet |2 eng | |
| 650 | 4 | |a adversarial attacks |2 eng | |
| 650 | 4 | |a YOLO |2 eng | |
| 650 | 4 | |a machine learning |2 eng | |
| 650 | 4 | |a ImageNet |2 slo | |
| 650 | 4 | |a rozmazanie |2 slo | |
| 650 | 4 | |a šum |2 slo | |
| 650 | 4 | |a Claude 3.7 Sonet |2 slo | |
| 650 | 4 | |a adversiálne útoky |2 slo | |
| 650 | 4 | |a YOLO |2 slo | |
| 650 | 4 | |a hĺbkové učenie |2 slo | |
| 650 | 4 | |a strojové učenie |2 slo | |
| 700 | 1 | |a Šrámka, Michal |u 035000 |k Z1 |4 ths |U FEI Fakulta elektrotechniky a informatiky |T FEI Ústav informatiky a matematiky |X 62214 |U E050 |Y 816 |7 A000062214 | |
| 856 | 4 | |u http://is.stuba.sk/zp/portal_zp.pl?podrobnosti=184867 | |